000 00523nam a2200193Ia 4500
005 20250508161807.0
008 008 250505s9999 xx 000 0 eng d
037 _aTextual
040 _aFEDL
_beng
_cFEDL
041 _aeng
_2eng
084 _aB, LEN
_qFEDL
100 _aUeyanova A J
_9771563
245 0 _aLenin's boyhood and adolescence
260 _aMoscow
_bForeign Languages Publishing House
_c1955
300 _a37p.
546 _aWeeded out
942 _cTEXL
_hB, LEN
999 _c1372236
_d1372236